Statistics for Tongue Tied - Grouplove (All Lyrics)

Click here to take the quiz!

General Stats

  • This quiz has been taken 24 times
    (23 since last reset)
  • The average score is 184 of 220

Answer Stats

Lyric% Correct
best
100%
friend's
100%
friends
100%
house
100%
me
100%
Oh
100%
oh
100%
Take
100%
take
100%
to
100%
you
100%
your
100%
don't
94%
Don't
94%
tied
94%
Yeah
94%
yeah
94%
I
88%
love
88%
no
88%
round
88%
tongue
88%
and
81%
goodbye
81%
leave
81%
loved
81%
roundabout
81%
the
81%
then
81%
this
81%
goin'
75%
now
75%
my
69%
up
69%
all
63%
get
63%
I'll
63%
in
63%
let's
63%
night
63%
on
63%
out
63%
sky
63%
we're
63%
four
56%
making
56%
stay
56%
three
56%
two
56%
around
50%
high
50%
kiss
50%
like
50%
marmalade
50%
One
50%
Pan
50%
party
50%
Peter
50%
real
50%
wave
50%
eyes
44%
fight
44%
pillow
44%
slumber
44%
tonight
44%
break
38%
goodnight
38%
bye
31%
beats
25%
beddy
25%
bump
25%
til
25%
roll
13%

Score Distribution

Percentile by Number Answered

Percent of People with Each Score

Your Score History

You have not taken this quiz since the last reset